Normal view MARC view
  • Deutsche Bank

Entry Corporate Name

Number of records used in: 7

001 - CONTROL NUMBER

  • control field: 5322

003 - CONTROL NUMBER IDENTIFIER

  • control field: SIRSI

005 - DATE AND TIME OF LATEST TRANSACTION

  • control field: 20190806150242.0

008 - FIXED-LENGTH DATA ELEMENTS

  • fixed length control field: 070820n| acannaabn |n ana d

040 ## - CATALOGING SOURCE

  • Original cataloging agency: OSt
  • Transcribing agency: OSt

110 2# - HEADING--CORPORATE NAME

  • Corporate name or jurisdiction name as entry element: Deutsche Bank
  • Subordinate unit: RREEF
  • Subordinate unit: Real Estate Research

410 ## - SEE FROM TRACING--CORPORATE NAME

  • Corporate name or jurisdiction name as entry element: RREEF
  • Subordinate unit: Real Estate Research

670 ## - SOURCE DATA FOUND

  • Source citation: Asia Pacific property cycle monitor, 2007